000 00575nam a2200229Ia 4500
003 OSt
005 20220924152555.0
006 a|||||r|||| 00| 0
007 ta
008 220923b |||||||| |||| 00| 0 guj d
024 _a343214
037 _cTextual
040 _aARTS
_cARTS
_bguj
041 _2guj
_aguj
082 _aO142,3M70,1, 156K3
100 _aKuprin Alexander
_962909
245 0 _aYama
260 _c1963
650 _aRUSSIAN FICTION
942 _hO142,3M70,1, 156K3
_cTEXL
_2CC
999 _c470316
_d470316